| 000 | 00772nam a2200229 i 4500 | ||
|---|---|---|---|
| 001 | 146916 | ||
| 003 | ES-MaACL | ||
| 005 | 20250813111720.0 | ||
| 007 | t| | ||
| 008 | 070919s1961 ja ||||1| eng d | ||
| 080 | _a001(520)(091) | ||
| 080 | _a6(520)(091) | ||
| 100 | 1 |
_aTuge, Hideomi. _9111655 |
|
| 245 | 1 | 0 |
_aHistorical development of science and technology in Japan / _cHideomi Tuge. |
| 260 |
_aTokyo : _bKokusai Bunka Shinkokai (The Society for International Cultural Relations), _c1961. |
||
| 300 |
_aXII, 200 p. : _bil., 1 map. pleg. ; _c24 cm. |
||
| 650 | 1 | 4 |
_aCiencia- _zJapón _910957 |
| 650 | 1 | 4 |
_aTecnología- _zJapón- _vHistoria. _917410 |
| 710 | 2 |
_aKokusai Bunka Shinkokai. _95438 |
|
| 852 |
_aES-MaACL _jC-26667 _bR.55498 |
||
| 999 |
_c146916 _d146916 |
||